[Event "Titled Tuesday intern op 03rd Jan Late"]
[Site "Chess.com INT"]
[Date "2025.06.03"]
[Round "4"]
[White "Ozates, Tuna"]
[Black "Shehzad, Shazil Khan"]
[Result "1-0"]
[WhiteElo "2217"]
[BlackElo "2354"]
[PlyCount "69"]
[EventDate "2025.06.03"]
[EventType "swiss (blitz)"]
[EventRounds "11"]
[EventCountry "USA"]
[SourceTitle "CB24_2025"]
[SourceDate "2025.06.11"]
[SourceVersion "1"]
[SourceVersionDate "2025.06.11"]
[SourceQuality "1"]

1. e4 c6 2. d3 d5 3. Nd2 g6 4. Ngf3 Bg7 5. g3 e6 6. Bg2 Ne7 7. 0-0 a5 8. Re1 a4 9. a3 b5 10. c3 0-0 11. h4 h6 12. Nf1 c5 13. exd5 Nxd5 14. h5 g5 15. d4 Nd7 16. dxc5 Nxc5 17. Ne3 Bb7 18. Nd4 Nxe3 19. Bxe3 Bxg2 20. Kxg2 Qb6 21. Qc2 Qb7+ 22. Kg1 Rac8 23. Rad1 Rfd8 24. Qe2 Bxd4 25. Bxd4 Nb3 26. Bf6 Rd5 27. Rxd5 Qxd5 28. Rd1 Qf5 29. Be5 f6 30. Bd6 Rc4 31. Bb4 Qe4 32. Qf1 f5 33. Rd8+ Kf7 34. Qd1 Rc7 35. Qd6 1-0

[Event "Titled Tuesday intern op 16th Jul Late"]
[Site "Chess.com INT"]
[Date "2024.07.16"]
[Round "1"]
[White "Anandh, Vijay Srinivas"]
[Black "Shehzad, Shazil Khan"]
[Result "1-0"]
[WhiteElo "2073"]
[BlackElo "2347"]
[PlyCount "99"]
[EventDate "2024.07.16"]
[EventType "swiss (blitz)"]
[EventRounds "11"]
[EventCountry "USA"]
[SourceTitle "EXT 2025"]
[Source "ChessBase"]
[SourceDate "2024.10.14"]
[SourceVersion "1"]
[SourceVersionDate "2024.10.14"]
[SourceQuality "1"]

1. Nf3 d5 2. g3 Nf6 3. Bg2 c6 4. 0-0 Bg4 5. d4 Nbd7 6. c4 e6 7. Nc3 Be7 8. Qc2 0-0 9. Nd2 Bf5 10. Qb3 Rb8 11. e4 dxe4 12. Ndxe4 Nxe4 13. Nxe4 Nf6 14. Nxf6+ gxf6 15. Bf4 Bd6 16. Bh6 Re8 17. Rad1 Bg6 18. h4 Qa5 19. a3 Qh5 20. Bd2 Bf5 21. Bf3 Bg4 22. Bxg4 Qxg4 23. d5 cxd5 24. cxd5 e5 25. Be3 b6 26. Rc1 Kh8 27. Rc6 Rbd8 28. Rfc1 Rg8 29. Kh2 e4 30. Bd4 Qxh4+ 31. Kg2 e3 32. Qxe3 Rde8 33. Qf3 Qxd4 34. Rxd6 Rg6 35. Rc7 Kg7 36. Rdd7 Rf8 37. d6 Qxb2 38. Qb7 Qb3 39. Qf3 Qa2 40. Rxa7 h5 41. Qxh5 Qc4 42. Qf3 Rh6 43. Rdb7 Rh1 44. Rxf7+ Rxf7 45. Rxf7+ Kxf7 46. Kxh1 Qd4 47. Qf4 Qa1+ 48. Kg2 Qxa3 49. d7 Ke7 50. Qc7 1-0

[Event "Norway Chess op"]
[Site "Stavanger"]
[Date "2024.05.30"]
[Round "9"]
[White "Shehzad, Shazil Khan"]
[Black "Myagmarsuren, Evsuld"]
[Result "1-0"]
[WhiteElo "2314"]
[BlackElo "2016"]
[PlyCount "103"]
[EventDate "2024.05.24"]
[EventType "swiss"]
[EventRounds "9"]
[EventCountry "NOR"]
[SourceTitle "CBM 220 Extra"]
[Source "ChessBase"]
[SourceDate "2024.07.31"]
[SourceVersion "1"]
[SourceVersionDate "2024.07.31"]
[SourceQuality "1"]

1. Nf3 Nf6 2. e3 d5 3. c4 c6 4. d4 Bf5 5. Qb3 Qc7 6. Nc3 e6 7. Nh4 Be4 8. f3 Bg6 9. Bd2 Nbd7 10. Nxg6 hxg6 11. 0-0-0 a5 12. cxd5 exd5 13. Kb1 b5 14. e4 b4 15. Na4 dxe4 16. Re1 Be7 17. fxe4 0-0 18. h4 Nb6 19. h5 Nxa4 20. hxg6 Nb6 21. e5 Nbd5 22. exf6 Nxf6 23. Bc4 Nd5 24. Rh8+ Kxh8 25. Qh3+ Kg8 26. Bxd5 Qg3 27. Bxf7+ Rxf7 28. gxf7+ Kf8 29. Qxg3 Bh4 30. Qxh4 Re8 31. fxe8N b3 32. axb3 a4 33. bxa4 c5 34. dxc5 g5 35. Qxg5 Kf7 36. c6 Kf8 37. c7 Kf7 38. c8N Kf8 39. a5 Kf7 40. Re7+ Kf8 41. Qg8+ Kxg8 42. Ned6 Kf8 43. Nb5 Kg8 44. Nd4 Kf8 45. Nb3 Kg8 46. Na1 Kf8 47. a6 Kg8 48. a7 Kh8 49. a8Q Kg8 50. Qf3 Kh8 51. Qh3+ Kg8 52. Qh8+ 1-0

[Event "NOR-chT Club"]
[Site "Drammen"]
[Date "2024.05.12"]
[Round "5.2"]
[White "Shehzad, Shazil Khan"]
[Black "Hauge, Lars Oskar"]
[Result "1/2-1/2"]
[WhiteElo "2314"]
[BlackElo "2484"]
[PlyCount "86"]
[EventDate "2024.05.09"]
[EventType "team-swiss"]
[EventRounds "6"]
[EventCountry "NOR"]
[SourceTitle "CBM 220 Extra"]
[Source "ChessBase"]
[SourceDate "2024.07.31"]
[SourceVersion "1"]
[SourceVersionDate "2024.07.31"]
[SourceQuality "1"]
[WhiteTeam "Stavanger"]
[BlackTeam "Oslo Schakselskap"]
[WhiteTeamCountry "NOR"]
[BlackTeamCountry "NOR"]

1. e4 c5 2. Nf3 Nc6 3. Bb5 g6 4. 0-0 Bg7 5. Bxc6 dxc6 6. d3 Nf6 7. Nc3 Nd7 8. Be3 e5 9. Qd2 Qe7 10. h3 Nf8 11. Nh2 Ne6 12. Ne2 0-0 13. Bh6 Bxh6 14. Qxh6 Qg5 15. Qxg5 Nxg5 16. f4 exf4 17. Nxf4 f6 18. Rf2 Bd7 19. Nf3 Nf7 20. g4 Rae8 21. b3 Kg7 22. Kh2 Re7 23. Rg1 b5 24. Ra1 Ne5 25. Kg3 c4 26. bxc4 bxc4 27. Rb1 Be8 28. d4 Nf7 29. Re2 Nd6 30. e5 fxe5 31. dxe5 Nb5 32. Re3 Kg8 33. Rd1 Nc7 34. e6 Rf6 35. Rd6 Nb5 36. Rd8 Nc7 37. Rd6 Nb5 38. Rd8 Nc7 39. g5 Rf8 40. h4 c5 41. Nh2 Ba4 42. Rxf8+ Kxf8 43. c3 Bc2 1/2-1/2

[Event "NOR-chT Club"]
[Site "Drammen"]
[Date "2024.05.11"]
[Round "4.2"]
[White "Shehzad, Shazil Khan"]
[Black "Skaar, Ben Samuel Groth"]
[Result "1-0"]
[WhiteElo "2314"]
[BlackElo "2058"]
[PlyCount "77"]
[EventDate "2024.05.09"]
[EventType "team-swiss"]
[EventRounds "6"]
[EventCountry "NOR"]
[SourceTitle "CBM 220 Extra"]
[Source "ChessBase"]
[SourceDate "2024.07.31"]
[SourceVersion "1"]
[SourceVersionDate "2024.07.31"]
[SourceQuality "1"]
[WhiteTeam "Stavanger"]
[BlackTeam "Alta"]
[WhiteTeamCountry "NOR"]
[BlackTeamCountry "NOR"]

1. Nf3 Nf6 2. c4 e6 3. g3 d5 4. Bg2 Be7 5. 0-0 0-0 6. b3 b6 7. cxd5 exd5 8. Bb2 Bb7 9. e3 Nbd7 10. Nc3 c6 11. Rc1 Re8 12. Re1 Bd6 13. Ne2 Rc8 14. Nf4 Nc5 15. d3 Ba6 16. Bf1 Ncd7 17. Bh3 Rc7 18. Bg2 Nc5 19. b4 Ne6 20. a3 Bb7 21. Nxe6 fxe6 22. e4 Bf8 23. e5 Ng4 24. Bh3 Nh6 25. d4 Rf7 26. Nh4 g6 27. Rc2 Nf5 28. Ng2 Rc7 29. Qd3 c5 30. bxc5 bxc5 31. dxc5 Bxc5 32. Rec1 Bb6 33. Rxc7 Bxc7 34. Nf4 Ng7 35. Bd4 Bb6 36. Rb1 Bxd4 37. Qxd4 Ba6 38. Qxa7 Bc4 39. Rb7 1-0

[Event "Titled Tuesday intern op 30th Apr Early"]
[Site "Chess.com INT"]
[Date "2024.04.30"]
[Round "6"]
[White "Mamedov, Edgar"]
[Black "Shehzad, Shazil Khan"]
[Result "1-0"]
[WhiteElo "2317"]
[BlackElo "2310"]
[PlyCount "35"]
[EventDate "2024.04.30"]
[EventType "swiss (blitz)"]
[EventRounds "11"]
[EventCountry "USA"]
[SourceTitle "CBM 220 Extra"]
[Source "ChessBase"]
[SourceDate "2024.07.31"]
[SourceVersion "1"]
[SourceVersionDate "2024.07.31"]
[SourceQuality "1"]

1. e4 e5 2. f4 exf4 3. Nf3 Ne7 4. Bc4 d5 5. exd5 Nxd5 6. Qe2+ Be7 7. 0-0 0-0 8. Bxd5 Bc5+ 9. d4 Qxd5 10. dxc5 Qxc5+ 11. Kh1 Bg4 12. Bxf4 Nc6 13. Nc3 Nd4 14. Qf2 Bxf3 15. gxf3 Rad8 16. Rad1 Qb4 17. Bxc7 Rd7 18. Be5 1-0

[Event "Titled Tuesday intern op 30th Apr Early"]
[Site "Chess.com INT"]
[Date "2024.04.30"]
[Round "7"]
[White "Shehzad, Shazil Khan"]
[Black "Dvirnyy, Danyyil"]
[Result "0-1"]
[WhiteElo "2310"]
[BlackElo "2480"]
[PlyCount "63"]
[EventDate "2024.04.30"]
[EventType "swiss (blitz)"]
[EventRounds "11"]
[EventCountry "USA"]
[SourceTitle "CBM 220 Extra"]
[Source "ChessBase"]
[SourceDate "2024.07.31"]
[SourceVersion "1"]
[SourceVersionDate "2024.07.31"]
[SourceQuality "1"]

1. d4 Nf6 2. Nc3 d5 3. Bf4 e6 4. Nb5 Na6 5. e3 Be7 6. Nf3 0-0 7. h4 c6 8. Nc3 Nc7 9. h5 h6 10. Ne5 Nce8 11. g4 Ne4 12. Nxe4 dxe4 13. Qd2 a5 14. 0-0-0 a4 15. a3 Nd6 16. f3 exf3 17. Bd3 Qa5 18. c3 c5 19. Kb1 c4 20. Bc2 Qd5 21. Qf2 Ne4 22. Qxf3 Ng5 23. Qe2 Ne4 24. Nxc4 Ra6 25. Qd3 f5 26. gxf5 exf5 27. Rdf1 Be6 28. Ne5 Qa2+ 29. Kc1 Rb6 30. d5 Rxb2 31. dxe6 Bxa3 32. e7 0-1

[Event "Fagernes op"]
[Site "Fagernes"]
[Date "2024.03.29"]
[Round "7"]
[White "Celik, Hasan Huseyin"]
[Black "Shehzad, Shazil Khan"]
[Result "1/2-1/2"]
[WhiteElo "2417"]
[BlackElo "2301"]
[PlyCount "111"]
[EventDate "2024.03.24"]
[EventType "swiss"]
[EventRounds "9"]
[EventCountry "NOR"]
[SourceTitle "CBM 219 Extra"]
[Source "ChessBase"]
[SourceDate "2024.05.31"]
[SourceVersion "1"]
[SourceVersionDate "2024.05.31"]
[SourceQuality "1"]

1. c4 e5 2. g3 c6 3. Nf3 e4 4. Nd4 d5 5. cxd5 Qxd5 6. Nc2 Nf6 7. Nc3 Qe5 8. Bg2 Na6 9. a3 Nc5 10. b4 Nb3 11. Rb1 Nxc1 12. Qxc1 Bf5 13. Ne3 Bg6 14. b5 Be7 15. bxc6 bxc6 16. Ncd5 0-0 17. Qc3 Qd6 18. Nxe7+ Qxe7 19. 0-0 Rfd8 20. Rfc1 h5 21. h4 Kh7 22. a4 c5 23. Qa5 Qd7 24. Rc2 Rac8 25. Rbc1 Rb8 26. Bf1 Rb4 27. Ra2 Rc8 28. Raa1 Qc7 29. Qxc7 Rxc7 30. Bh3 Rc6 31. a5 Ng4 32. Bxg4 hxg4 33. Kf1 f6 34. Nxg4 Bf7 35. Ne3 Bb3 36. Rab1 c4 37. Nd5 Rb5 38. Nc3 Re5 39. Ra1 f5 40. e3 Ra6 41. Ke2 Rexa5 42. Rab1 Rd6 43. g4 Rh6 44. gxf5 Re5 45. Rg1 Rxh4 46. Rg5 Bc2 47. Rbg1 Bd3+ 48. Kd1 Re7 49. Rg6 Rh5 50. R6g5 Rxg5 51. Rxg5 Re5 52. Kc1 Kh6 53. Rg6+ Kh7 54. Rg5 Kh6 55. Rg6+ Kh7 56. Rg5 1/2-1/2

[Event "Kragero op"]
[Site "Kragero"]
[Date "2024.02.21"]
[Round "2"]
[White "Seo, Jung Min"]
[Black "Shehzad, Shazil Khan"]
[Result "1/2-1/2"]
[WhiteElo "2466"]
[BlackElo "2265"]
[PlyCount "73"]
[EventDate "2024.02.21"]
[EventType "swiss"]
[EventRounds "9"]
[EventCountry "NOR"]
[SourceTitle "CBM 218 Extra"]
[Source "ChessBase"]
[SourceDate "2024.03.31"]
[SourceVersion "1"]
[SourceVersionDate "2024.03.31"]
[SourceQuality "1"]

1. d4 Nf6 2. c4 e6 3. Nc3 Bb4 4. e3 0-0 5. Bd3 Re8 6. Nge2 d5 7. a3 Bf8 8. 0-0 Nbd7 9. b4 a5 10. Rb1 axb4 11. axb4 dxc4 12. Bxc4 c6 13. e4 b5 14. Bd3 e5 15. d5 Bb7 16. Ng3 Qb8 17. dxc6 Bxc6 18. Qe2 Ra7 19. Be3 Ra3 20. Rfc1 Qb7 21. h3 Rb8 22. Kh2 g6 23. f3 Ne8 24. Qb2 Rba8 25. Nge2 Nc7 26. Rd1 Nb6 27. Bf2 Nc4 28. Qc1 Nd6 29. Bg3 Bg7 30. Bc2 Nc4 31. Bb3 Qb6 32. Bxc4 bxc4 33. Rd6 Bf8 34. Rd2 f6 35. b5 Be8 36. Nd5 Nxd5 37. Qxc4 1/2-1/2

[Event "Titled Tuesday intern op 20th Feb Early"]
[Site "Chess.com INT"]
[Date "2024.02.20"]
[Round "6"]
[White "Lopez Idarraga, Daniel Eduardo"]
[Black "Shehzad, Shazil Khan"]
[Result "1-0"]
[WhiteElo "2010"]
[BlackElo "2265"]
[PlyCount "77"]
[EventDate "2024.02.20"]
[EventType "swiss (blitz)"]
[EventRounds "11"]
[EventCountry "USA"]
[SourceTitle "EXT 2025"]
[Source "ChessBase"]
[SourceDate "2024.10.14"]
[SourceVersion "1"]
[SourceVersionDate "2024.10.14"]
[SourceQuality "1"]

1. e4 g6 2. d4 Bg7 3. c3 d6 4. Be3 Nc6 5. Nd2 e5 6. Bb5 exd4 7. cxd4 a6 8. Bxc6+ bxc6 9. Rc1 Ne7 10. Ngf3 0-0 11. 0-0 a5 12. Nc4 f5 13. e5 Nd5 14. Bg5 Qd7 15. Re1 h6 16. Bd2 Ba6 17. Ne3 Nf4 18. Qc2 Nd3 19. Qxc6 Qxc6 20. Rxc6 Nxe1 21. Bxe1 Bb7 22. Rxc7 Bxf3 23. gxf3 dxe5 24. d5 Rfc8 25. d6 Bf8 26. Nc4 Rd8 27. d7 Bb4 28. Bxb4 axb4 29. Nxe5 Rxa2 30. Rc8 Ra8 31. Rxa8 Rxa8 32. Nc6 Kf7 33. d8Q Rxd8 34. Nxd8+ Kf6 35. Nc6 b3 36. Na5 Ke5 37. Nxb3 Kd5 38. Nc1 Kc4 39. Kf1 1-0

[Event "Titled Tuesday intern op 20th Feb Early"]
[Site "Chess.com INT"]
[Date "2024.02.20"]
[Round "3"]
[White "Shehzad, Shazil Khan"]
[Black "Bernadskiy, Vitaliy"]
[Result "0-1"]
[WhiteElo "2265"]
[BlackElo "2572"]
[PlyCount "92"]
[EventDate "2024.02.20"]
[EventType "swiss (blitz)"]
[EventRounds "11"]
[EventCountry "USA"]
[SourceTitle "EXT 2025"]
[Source "ChessBase"]
[SourceDate "2024.10.14"]
[SourceVersion "1"]
[SourceVersionDate "2024.10.14"]
[SourceQuality "1"]

1. e4 c5 2. Nf3 d6 3. Bb5+ Nd7 4. Ba4 Ngf6 5. 0-0 e6 6. c4 Be7 7. Nc3 0-0 8. d4 cxd4 9. Qxd4 a6 10. Rd1 Qa5 11. Rb1 Qh5 12. h3 Rb8 13. Be3 b5 14. cxb5 axb5 15. Bc2 b4 16. Ne2 Qa5 17. Ra1 Ba6 18. Ng3 Rfc8 19. Bd3 e5 20. Qa7 Ra8 21. Bxa6 Rxa7 22. Bxc8 Rc7 23. Nf5 Bf8 24. Rac1 Nc5 25. Bxc5 Rxc5 26. Bb7 Qc7 27. Rxc5 dxc5 28. Bd5 c4 29. Ne3 c3 30. bxc3 bxc3 31. Rc1 Ba3 32. Rc2 Bb2 33. Ne1 Nxd5 34. Nxd5 Qc4 35. f3 h5 36. Kf2 Kh7 37. h4 f5 38. Ke3 Qd4+ 39. Ke2 fxe4 40. fxe4 Qxe4+ 41. Ne3 Qxh4 42. Nd3 Qd4 43. Nf5 Qe4+ 44. Ne3 Qd4 45. a4 e4 46. Nxb2 cxb2 0-1

[Event "Seville op 49th"]
[Site "Seville"]
[Date "2024.01.17"]
[Round "6"]
[White "Fiorito, Francisco"]
[Black "Shehzad, Shazil Khan"]
[Result "1-0"]
[WhiteElo "2370"]
[BlackElo "2264"]
[PlyCount "69"]
[EventDate "2024.01.12"]
[EventType "swiss"]
[EventRounds "9"]
[EventCountry "ESP"]
[SourceTitle "CBM 218 Extra"]
[Source "ChessBase"]
[SourceDate "2024.03.31"]
[SourceVersion "1"]
[SourceVersionDate "2024.03.31"]
[SourceQuality "1"]

1. Nf3 d5 2. g3 Bg4 3. Bg2 Nd7 4. h3 Bxf3 5. Bxf3 c6 6. d4 e5 7. dxe5 Nxe5 8. Bg2 Nf6 9. 0-0 Bc5 10. Nd2 0-0 11. c3 Qc7 12. Qc2 h5 13. Nb3 Bd6 14. Nd4 Rfe8 15. Nf5 Bc5 16. Bg5 Nh7 17. Bf4 g6 18. Nd4 Bd6 19. Rad1 Rad8 20. b3 a6 21. Bc1 Bc5 22. Kh1 f5 23. Bb2 Qf7 24. c4 dxc4 25. Qc3 Nf6 26. Nxf5 gxf5 27. Rxd8 Rxd8 28. Qxe5 Be7 29. bxc4 Rd2 30. a4 Bd8 31. Bc3 Rd7 32. Qxf5 Be7 33. Bf3 Rd8 34. Rb1 b6 35. Kg2 1-0

[Event "Fagernes Autumn op"]
[Site "Fagernes"]
[Date "2023.10.14"]
[Round "8"]
[White "Kvaloy, Aksel Bu"]
[Black "Shehzad, Shazil Khan"]
[Result "1/2-1/2"]
[WhiteElo "2458"]
[BlackElo "2296"]
[PlyCount "78"]
[EventDate "2023.10.08"]
[EventType "swiss"]
[EventRounds "9"]
[EventCountry "NOR"]
[SourceTitle "CBM 216 Extra"]
[Source "ChessBase"]
[SourceDate "2023.11.30"]
[SourceVersion "1"]
[SourceVersionDate "2023.11.30"]
[SourceQuality "1"]

1. d4 Nf6 2. Nf3 e6 3. Bg5 h6 4. Bh4 d6 5. Nbd2 g5 6. Bg3 Nh5 7. e4 Bg7 8. c3 f5 9. Bd3 0-0 10. Qc2 g4 11. Nh4 f4 12. e5 dxe5 13. dxe5 fxg3 14. hxg3 Nc6 15. Bh7+ Kh8 16. Ng6+ Kxh7 17. Nxf8+ Kg8 18. Qh7+ Kxf8 19. Rxh5 Nxe5 20. 0-0-0 Qd5 21. Kc2 Bd7 22. Nb3 Qb5 23. Rxe5 Qxe5 24. Rxd7 Re8 25. Nc1 Re7 26. Rd8+ Kf7 27. Nd3 Qf5 28. Qxf5+ exf5 29. Nf4 c6 30. Kd2 Be5 31. Ra8 Bc7 32. b4 Rd7+ 33. Nd3 Bb6 34. Ke2 Re7+ 35. Kd2 Rd7 36. Ke2 Re7+ 37. Kd2 Kg7 38. a4 Rd7 39. Ke2 Re7+ 1/2-1/2

[Event "Prague Summer op-A 10th"]
[Site "Prague"]
[Date "2023.08.10"]
[Round "8"]
[White "Netusil, Miloslav"]
[Black "Shehzad, Shazil Khan"]
[Result "0-1"]
[WhiteElo "2159"]
[BlackElo "2301"]
[PlyCount "124"]
[EventDate "2023.08.04"]
[EventType "swiss"]
[EventRounds "9"]
[EventCountry "CZE"]
[SourceTitle "CBM 215 Extra"]
[Source "ChessBase"]
[SourceDate "2023.09.30"]
[SourceVersion "1"]
[SourceVersionDate "2023.09.30"]
[SourceQuality "1"]

1. e4 c6 2. Nf3 d5 3. exd5 cxd5 4. Ne5 Nd7 5. d4 e6 6. Bf4 Qb6 7. b3 Ne7 8. Nxd7 Bxd7 9. Be2 Ng6 10. Be3 Nh4 11. 0-0 Nf5 12. Bd3 g6 13. Bxf5 gxf5 14. Bf4 Bg7 15. Be5 f6 16. Bg3 0-0 17. a4 Rac8 18. a5 Qc6 19. Na3 Rfd8 20. c4 Be8 21. Nb5 Qd7 22. Nxa7 Ra8 23. Nb5 e5 24. dxe5 fxe5 25. Bh4 Rdc8 26. Nc3 dxc4 27. Nd5 cxb3 28. Ne7+ Kf8 29. Qxb3 Bf7 30. Qb4 Rc4 31. Qa3 Rxa5 32. Ng6+ Kg8 33. Qxa5 hxg6 34. Bg5 Rg4 35. h4 Qc6 36. f3 Rc4 37. Qd8+ Kh7 38. Rad1 Rd4 39. Qe7 Qd5 40. Rc1 Rc4 41. Rxc4 Qxc4 42. Qxb7 e4 43. Rc1 Qd4+ 44. Kh1 Bd5 45. Bf6 Qxf6 46. Qxd5 Qxh4+ 47. Kg1 e3 48. Rc7 Qf2+ 49. Kh2 Qh4+ 50. Kg1 Qf6 51. Qc4 Qa1+ 52. Kh2 Qe5+ 53. f4 Qd6 54. Rc6 Qe7 55. Qe6 Qh4+ 56. Kg1 Qf2+ 57. Kh1 Qf1+ 58. Kh2 Qxf4+ 59. Kh1 Qg3 60. Rc8 Qh4+ 61. Kg1 Qf2+ 62. Kh2 e2 0-1

[Event "Prague Summer op-A 10th"]
[Site "Prague"]
[Date "2023.08.09"]
[Round "7"]
[White "Shehzad, Shazil Khan"]
[Black "Kolodziejski, Piotr"]
[Result "0-1"]
[WhiteElo "2301"]
[BlackElo "2116"]
[PlyCount "90"]
[EventDate "2023.08.04"]
[EventType "swiss"]
[EventRounds "9"]
[EventCountry "CZE"]
[SourceTitle "CBM 215 Extra"]
[Source "ChessBase"]
[SourceDate "2023.09.30"]
[SourceVersion "1"]
[SourceVersionDate "2023.09.30"]
[SourceQuality "1"]

1. d4 Nf6 2. c4 e6 3. g3 c5 4. d5 exd5 5. cxd5 d6 6. Nc3 g6 7. Bg2 Bg7 8. Nf3 0-0 9. 0-0 a6 10. a4 Re8 11. Nd2 Nbd7 12. e4 Rb8 13. a5 b5 14. axb6 Nxb6 15. h3 Nfd7 16. f4 c4 17. Nf3 Nc5 18. e5 Nb3 19. Ra3 Nxc1 20. Qxc1 Nd7 21. e6 fxe6 22. dxe6 Nc5 23. Ra2 Nd3 24. Qd2 Bb7 25. Ng5 h6 26. Nf3 Rxe6 27. Nh4 Qb6+ 28. Kh1 Rbe8 29. Bxb7 Qxb7+ 30. Qg2 Qxg2+ 31. Nxg2 Rb8 32. Rxa6 Rxb2 33. Nd1 Rb1 34. Nge3 c3 35. Rc6 Rc1 36. g4 Nc5 37. Rc8+ Kh7 38. Kg2 c2 39. Nxc2 Rxc2+ 40. Nf2 Ree2 41. Kf3 Bd4 42. Rc7+ Kg8 43. Rb1 Rxf2+ 44. Kg3 Rg2+ 45. Kh4 Bf2# 0-1

[Event "Norway Chess op"]
[Site "Stavanger"]
[Date "2023.06.01"]
[Round "8"]
[White "Savitha Shri, B."]
[Black "Shehzad, Shazil Khan"]
[Result "1-0"]
[WhiteElo "2418"]
[BlackElo "2310"]
[PlyCount "131"]
[EventDate "2023.05.27"]
[EventType "swiss"]
[EventRounds "10"]
[EventCountry "NOR"]
[SourceTitle "CBM 214 Extra"]
[Source "ChessBase"]
[SourceDate "2023.07.31"]
[SourceVersion "1"]
[SourceVersionDate "2023.07.31"]
[SourceQuality "1"]

1. e4 e5 2. Nf3 Nc6 3. Bb5 a6 4. Ba4 Nf6 5. 0-0 Be7 6. d3 b5 7. Bb3 d6 8. a4 Bd7 9. c3 0-0 10. Nbd2 Na5 11. Bc2 c5 12. Re1 Qb6 13. Nf1 b4 14. Ne3 b3 15. Bb1 Be6 16. d4 Ng4 17. Nd5 Bxd5 18. exd5 cxd4 19. cxd4 Nf6 20. dxe5 dxe5 21. Nxe5 Bc5 22. Qf3 Rfe8 23. Re2 Rad8 24. Bf4 Qb7 25. Bd3 Qxd5 26. Bxa6 Qxf3 27. Nxf3 Bb6 28. Rxe8+ Rxe8 29. Bd2 Ne4 30. Be1 Ra8 31. Bb5 Nd6 32. Bxa5 Rxa5 33. Be2 Ne4 34. Kf1 g5 35. h3 h5 36. Bb5 g4 37. hxg4 hxg4 38. Ne5 Nd6 39. Nc6 Ra8 40. Be2 Kg7 41. a5 Rc8 42. Ne7 Rh8 43. Kg1 Bc5 44. Bxg4 Re8 45. Nd5 Ne4 46. Ne3 Nxf2 47. Kxf2 Bxe3+ 48. Kf1 Bd4 49. a6 Bxb2 50. Rb1 Bd4 51. Rxb3 Re7 52. Bf3 Kf6 53. Rb4 Ke5 54. Ke2 Bc5 55. Rh4 Rd7 56. Rh5+ Kd4 57. Bb7 Bb6 58. Kf3 Rd6 59. Rf5 f6 60. Kg4 Kc4 61. Kh5 Kc3 62. Kg6 Bd4 63. Rf3+ Kd2 64. Rf4 Be5 65. Rf2+ Ke3 66. Rf3+ 1-0

[Event "Norway Chess op"]
[Site "Stavanger"]
[Date "2023.05.29"]
[Round "5"]
[White "Shehzad, Shazil Khan"]
[Black "Zylka, Stanislaw"]
[Result "1-0"]
[WhiteElo "2310"]
[BlackElo "2415"]
[PlyCount "65"]
[EventDate "2023.05.27"]
[EventType "swiss"]
[EventRounds "10"]
[EventCountry "NOR"]
[SourceTitle "CBM 214 Extra"]
[Source "ChessBase"]
[SourceDate "2023.07.31"]
[SourceVersion "1"]
[SourceVersionDate "2023.07.31"]
[SourceQuality "1"]

1. Nf3 d5 2. g3 Nd7 3. d4 Nb6 4. Nbd2 Nf6 5. c4 dxc4 6. Nxc4 Nxc4 7. Qa4+ Bd7 8. Qxc4 Bc6 9. Ne5 Bd5 10. Qa4+ b5 11. Qxb5+ c6 12. Qa4 Bxh1 13. f3 e6 14. Qxc6+ Nd7 15. Nxd7 Bb4+ 16. Kf2 Rc8 17. Qa4 a5 18. Ne5+ Kf8 19. Be3 h5 20. Bh3 Bxf3 21. Nxf3 h4 22. gxh4 Qd5 23. Rg1 Be7 24. Bg5 f6 25. Be3 Rb8 26. Qc2 f5 27. Bg5 Bd6 28. b3 Kf7 29. Rc1 Ba3 30. Qc7+ Kg6 31. Rg1 Rb7 32. Bf4+ Kh7 33. Rxg7# 1-0